000 003350000a22001450004500
003 MACL
040 _aMACL
090 _c31868
_d31866
100 _aStultz, Russell A.
245 _aIllustrated WordStar 6.0
260 _bB R Pblishing Corporation
_c1991
350 _a99
650 _aComputer probraming
942 _cBOOK
_k005.368/Stu
999 _c31548
_d31548